00825nam a22002177a 4500999001900000005001700019010001300036020002600049035001300075037000900088082001100097245009800108260003700206270005600243300003500299505005600334700002000390700002500410942002500435952014700460 c178757d17875720210412173646.0 aB-739784 a9788120835559c750.00 aB-739784 bGift00a491.25 aIndian grammars:bphilology and history /cedited by George Cardona [and] Madhav M. Deshpande aDelhibMotilal Banarsidassc2012 a41 U.A. Bungalow Road, Jawahar NagarbDelhie110007 axiii, 268p.:c22cm(Hb)bphotos aPapers of the 12th world Sanskrit conference vol. 4 aCardona, George aDeshpande, Madhav M. 2ddccENh491.25mIND 001040708NFICaLbLd2021-04-12eGift/Eng/05-04-2021g750.00l0o491.25 INDpB-739784r2021-04-12 00:00:00t1v750.00w2021-04-12yENzGift